Équipe de France de Rugby - Tournée d'Automne 2024. - Statistiques

Statistiques générales
  • Ce quiz a été pris 175 fois
  • Le résultat moyen est 31 sur 42
Statistiques - réponses
Poste Joueur % Correct
Talonneur Péato Mauvaka
96%
Demi de mêlée Antoine Dupont
94%
Ailier Damian Penaud
90%
Demi d'ouverture Matthieu Jalibert
90%
Maxime Lucu
90%
Thomas Ramos
89%
Centre Gaël Fickou
88%
Nolann Le Garrec
87%
3e ligne centre Grégory Alldritt
85%
Yoram Moefana
85%
François Cros
84%
Louis Bielle-Biarrey
84%
Thibaud Flament
83%
Antoine Hastoy
81%
Jonathan Danty
81%
Gabin Villière
80%
Jean-Baptiste Gros
80%
Arrière Léo Barré
80%
3e ligne aile Charles Ollivon
77%
Emilien Gailleton
76%
Emmanuel Meafou
76%
Romain Buros
76%
Anthony Jelonch
75%
Cameron Woki
72%
Matthis Lebel
72%
Paul Boudehent
72%
Pilier Reda Wardi
68%
Georges-Henri Colombe
67%
Paul Costes
66%
Alexandre Roumat
65%
Gaëtan Barlot
65%
2e ligne Romain Taofifénua
65%
Sébastien Taofifénua
65%
Tevita Tatafu
62%
Théo Attissogbe
61%
Mickaël Guillard
59%
Maxime Lamothe
57%
Marko Gazzotti
53%
Antoine Frisch
52%
Joshua Brennan
50%
Régis Montagne
41%
Lenni Nouchi
39%
Aucun quiz correspondant
Distribution des résultats
% des personnes avec chaque résultat
Percentile par nombre de réponses
Votre historique - résultats
Vous n’avez pas pris ce quiz